| 000 | 00927nam0a22002891 4500 | ||
|---|---|---|---|
| 001 | RU\INFOCOMM_322\NLR\5000251163 | ||
| 005 | 20250624202753.0 | ||
| 035 | _a(NLR Aleph) 010936117 | ||
| 090 |
_a10735784 _c10735784 |
||
| 100 | _a20130321d1964 |||y0rusy50 ca | ||
| 101 | 0 | _aeng | |
| 102 | _aRU | ||
| 105 | _ay z ||||| | ||
| 200 | 1 |
_aMasonry _fN. Pirogov _g[Transl. from the Russ. by N. Ershov] |
|
| 210 |
_aM. _cHigher school publ. house _d1964 |
||
| 215 |
_a632 с. _cил. _d22 см _e230 экз. |
||
| 309 | _aОтпеч. множит. аппаратом | ||
| 320 | _aНа с. 2: Н. Д. Пирогов. Каменные работы | ||
| 620 | _aМосква | ||
| 686 |
_aТ28-1750 _2rubbk |
||
| 700 | 1 |
_9z01790 _aPirogov _bN. D. _gNikolaj Dmitrievič |
|
| 790 | 1 |
_9z01700 _aPirogov _bN. _4070 |
|
| 801 | 1 |
_aRU _bInfocomm _c20130321 |
|
| 801 | 0 |
_aRU _bINFOCOMM _gPSBO |
|
| 852 |
_aNLR _jТ81 Г-5/359 |
||
| 942 | _cBOOK | ||
| 980 | _aNB | ||